书目信息 |
| 题名: |
发现你的职业性格
|
|
| 作者: | 哈苏克苏 著 ;穆瑞锋 , 郭岑 , 钱峰 译 | |
| 分册: | ||
| 出版信息: | 北京 电子工业出版社 2020.10 |
|
| 页数: | 206页 | |
| 开本: | 24cm | |
| 丛书名: | ||
| 单 册: | ||
| 中图分类: | B848.6 , C913.2 | |
| 科图分类: | ||
| 主题词: | 性格--关系--职业选择 | |
| 电子资源: | ||
| ISBN: | 978-7-121-33816-8 | |
| 000 | 01626nam0 2200337 45 | |
| 001 | 482611 | |
| 005 | 20140818152553.0 | |
| 010 | @a978-7-121-33816-8@dCNY48.00 | |
| 099 | @aCAL 012018047646 | |
| 100 | @a20180428d2018 em y0chiy0110 ea | |
| 101 | 1 | @achi@ceng |
| 102 | @aCN@b110000 | |
| 105 | @ak z 000yy | |
| 106 | @ar | |
| 200 | 1 | @a发现你的职业性格@Afa xian ni de zhi ye xing ge@eMBTI助你改善工作方式和人际关系@e白金版@f(美) 格里高力·哈苏克苏著@d= Making a difference by being yourself@eusing your personality type to find your life's true purpose@fGregoryE.Huszczo@g穆瑞锋, 郭岑, 钱峰译@zeng |
| 210 | @a北京@c电子工业出版社@d2020.10 | |
| 215 | @a206页@d24cm | |
| 300 | @a其他题名:MBTI助你改善工作方式和人际关系 | |
| 306 | @a由Nicholas Brealey Publishing授权出版 | |
| 330 | @a本书作者通过涉及500多人的3次研究,结合迈尔斯-布里格斯个性分析指标(MBTI)的性格类型及自己的工作经验,总结出四种倾向的性格类型,以及具有这四种性格类型的人在工作、生活和人际关系中的改变方法。书中简单的自我测评和练习使你掌握自己的核心性格类型;100多个小故事帮你学会如何利用性格类型发挥自身潜力;附录部分帮你迅速了解自己的性格类型。 | |
| 500 | 10 | @aMaking a difference by being yourself : using your personality type to find your life's true purpose@mChinese |
| 517 | 1 | @aMBTI助你改善工作方式和人际关系 |
| 606 | 0 | @a性格@x关系@x职业选择 |
| 690 | @aB848.6@v5 | |
| 690 | @aC913.2@v5 | |
| 701 | 1 | @a哈苏克苏@Aha su ke su@g(Huszczo, Gregory E.)@4著 |
| 702 | 0 | @a穆瑞锋@Amu rui feng@4译 |
| 702 | 0 | @a郭岑@Aguo cen@4译 |
| 702 | 0 | @a钱峰@Aqian feng@4译 |
| 801 | @aCN@bAHXH@c20210922 | |
| 905 | @b1358641-5@dB848.6@e4130@f5 | |
| 发现你的职业性格:MBTI助你改善工作方式和人际关系:白金版/(美) 格里高力·哈苏克苏著= Making a difference by being yourself:using your personality type to find your life's true purpose/GregoryE.Huszczo/穆瑞锋, 郭岑, 钱峰译.-北京:电子工业出版社,2020.10 |
| 206页;24cm |
| 其他题名:MBTI助你改善工作方式和人际关系 |
| ISBN 978-7-121-33816-8:CNY48.00 |
| 本书作者通过涉及500多人的3次研究,结合迈尔斯-布里格斯个性分析指标(MBTI)的性格类型及自己的工作经验,总结出四种倾向的性格类型,以及具有这四种性格类型的人在工作、生活和人际关系中的改变方法。书中简单的自我测评和练习使你掌握自己的核心性格类型;100多个小故事帮你学会如何利用性格类型发挥自身潜力;附录部分帮你迅速了解自己的性格类型。 |
| ● |
| 相关链接 |
|
|
|
|
正题名:发现你的职业性格
索取号:B848.6/4130
 
预约/预借
| 序号 | 登录号 | 条形码 | 馆藏地/架位号 | 状态 | 备注 |
| 1 | 1358641 | 213586412 | 第一样本阅览室/ [索取号:B848.6/4130] | 在馆 | |
| 2 | 1358642 | 213586421 | 教育系资料室/ [索取号:B848.6/4130] | 在馆 | |
| 3 | 1358643 | 213586430 | 教育系资料室/ [索取号:B848.6/4130] | 在馆 | |
| 4 | 1358644 | 213586449 | 第一借阅区/ [索取号:B848.6/4130] | 在馆 | |
| 5 | 1358645 | 213586458 | 第一借阅区/ [索取号:B848.6/4130] | 在馆 |